00737nam a2200241 a 4500001001000000005001700010008004100027041000800068044000700076050002200083100002800105245006600133260002700199300001900226500000900245650003100254650003200285651002900317902000800346942001100354999001500365952011500380BRCA_831320190320210225.0230614s1955----gw-####f##---#000-0#ger-# ager agw 4aHC286.5b.W3 19551 aWallch, Henry C.92075610aTriebkräfte des deutschen wiederaufstiegscHenry C. Wallch. aFrancfurtcKnappe1955 a374 p.c21 cm. aS13914aIndustriazAlemania92075714aEconomíazAlemania914494 4aAlemaniaxHistoria95819 aGFM 2lcccB c7981d7981 00104070aBRCAbBRCAd2014-06-23iS139l0oHC286.5 .W3 1955 (S139)p8937r2019-03-22 00:00:00w2019-03-22yB